Mozes bi naltso̲s aḷse̲dihigi Ġodesẓiẓ holyẹhigi inda yistai̲ni̲ḷḷi ba Hani Mark naltso̲s y̲e yiki-iscinigi. (Record no. 15204)

MARC details
000 -LEADER
fixed length control field 00753cam a22002171 4500
001 - CONTROL NUMBER
control field ca 17002760
003 - CONTROL NUMBER IDENTIFIER
control field DLC
005 - DATE AND TIME OF LATEST TRANSACTION
control field 20260227111105.0
008 - FIXED-LENGTH DATA ELEMENTS--GENERAL INFORMATION
fixed length control field 851221s1912 nyu 000 0 nav
010 ## - LIBRARY OF CONGRESS CONTROL NUMBER
LC control number ca 17002760
035 ## - SYSTEM CONTROL NUMBER
System control number (OCoLC)12948724
040 ## - CATALOGING SOURCE
Original cataloging agency DLC
Transcribing agency DSI
Modifying agency DLC
042 ## - AUTHENTICATION CODE
Authentication code premarc
050 00 - LIBRARY OF CONGRESS CALL NUMBER
Classification number PM2009
Item number .B31 1912
130 0# - MAIN ENTRY--UNIFORM TITLE
Uniform title Bible.
Name of part/section of a work Genesis.
Language of a work Navaho.
245 00 - TITLE STATEMENT
Title Mozes bi naltso̲s aḷse̲dihigi Ġodesẓiẓ holyẹhigi inda yistai̲ni̲ḷḷi ba Hani Mark naltso̲s y̲e yiki-iscinigi.
Remainder of title Tohatcidi e̲niṣoti dine biza̲dkyeḥgo ayila.
260 ## - PUBLICATION, DISTRIBUTION, ETC.
Place of publication, distribution, etc. New York,
Name of publisher, distributor, etc. American Bible Society,
Date of publication, distribution, etc. 1912.
300 ## - PHYSICAL DESCRIPTION
Extent 3 p. l., 46 p., 1 l., 19 p.
Dimensions 21 cm.
650 #0 - SUBJECT ADDED ENTRY--TOPICAL TERM
Topical term or geographic name entry element Navajo language
General subdivision Texts.
730 0# - ADDED ENTRY--UNIFORM TITLE
Uniform title Bible.
Name of part/section of a work Mark.
Language of a work Navaho.

No items available.

Powered by Koha